000 00366nam a2200145Ia 4500
008 230917s9999||||xx |||||||||||||| ||und||
040 _e138068
_aMAIN
041 _aEnglish
082 _a005.43 T154M
100 _aTanenbaum, Andrew S
245 0 _aModern operating system
260 _aNew Delhi
_bPrentice-Hall of India
_c1995
300 _a728 p.
942 _cBK
999 _c104514
_d104514